000 00494nam a2200169 i 4500
001 bg
100 1 _aCHANTADZE, D. V.
245 0 _aNekotorye prilożenija teorii kapilljarnosti pri fizikochimiceskom issledovanii rasplavov /
_cD.V. Chantadze, E.G. Onikasvili, F.N. Tavadze.
260 _aTbilisi,
_c1971.
700 1 _aONIKASVILI, E. G.
700 1 _aTAVADZE, F. N.
040 _cBPK
041 _apol
080 _a532.6:669
942 _cKS
008 s pl f |000 0 pol
999 _c26387
_d26387
856 _uhttp://koha.tu.koszalin.pl/cgi-bin/koha/opac-detail.pl?biblionumber=26387
_yKatalog online BPK